01002nam a2200265 i 4500001001000000003000900010005001700019007000300036008004100039020001800080040003000098041000800128082002400136100004900160245018100209264004300390300003500433336002700468337003300495338002800528500005800556500007400614650002200688650002600710000046393DO-SdBNP20251014144242.0ta150807s2012 dr 000 f spa d a9789945005448 aDO-SdBNPbspacBNPHUerda aspa aRD863.44bA388c2221 aAlfonso Tejada, Nobel Antonio,d1942-eautor10aCrónicas desde una sociedad de gente cualquiera : cNobel Alfonso.bla historia es realmente muchas historias; hilos entrecruzados como fino tejidoen el telar del tiempo... / aSanto Domingo :bAP Print Shop,c2012. axviii, 362 páginas ;c22 cm. ardacontentbtexto2txt ardamediabsin mediación2n ardacarrierbvolumen2nc aIncluye datos biográficos del autor en las solapas. aIncluye referencias bibliográficas y notas al pie de las páginas.40aNovela dominicana4 aLiteratura dominicana